US West Capitals - Statistics

General Stats
  • This quiz has been taken 16 times
  • The average score is 11 of 12
Answer Stats
Hint Answer % Correct
Hawaii Honolulu
100%
California Sacramento
100%
Idaho Boise
94%
Nevada Carson City
94%
Alaska Juneau
94%
Arizona Phoenix
94%
Utah Salt Lake City
94%
Colorado Denver
88%
Montana Helena
88%
Washington Olympia
88%
Wyoming Cheyenne
81%
Oregon Salem
81%
No matching quizzes found
Score Distribution
Percent of People with Each Score
Percentile by Number Answered
Your Score History
You have not taken this quiz